<?xml version="1.0" encoding="UTF-8"?>
<record
    xmlns:xsi="http://www.w3.org/2001/XMLSchema-instance"
    xsi:schemaLocation="http://www.loc.gov/MARC21/slim http://www.loc.gov/standards/marcxml/schema/MARC21slim.xsd"
    xmlns="http://www.loc.gov/MARC21/slim">

  <leader>00772nab a2200229 uc4500</leader>
  <controlfield tag="001">905064</controlfield>
  <controlfield tag="005">20250128091229.0</controlfield>
  <controlfield tag="008">050119e20031205                    spa  </controlfield>
  <datafield tag="035" ind1=" " ind2=" ">
    <subfield code="a">905064</subfield>
  </datafield>
  <datafield tag="035" ind1=" " ind2=" ">
    <subfield code="a">(OCoLC)820303275</subfield>
  </datafield>
  <datafield tag="040" ind1=" " ind2=" ">
    <subfield code="c">comduadb</subfield>
  </datafield>
  <datafield tag="041" ind1=" " ind2=" ">
    <subfield code="a">spa</subfield>
  </datafield>
  <datafield tag="100" ind1="1" ind2="0">
    <subfield code="a">Orduna Diez, Luis</subfield>
    <subfield code="4">aut</subfield>
    <subfield code="e">aut</subfield>
    <subfield code="9">535132</subfield>
  </datafield>
  <datafield tag="245" ind1="1" ind2="3">
    <subfield code="a">La empresa y el problema de su gobierno: analisis desde la etica</subfield>
  </datafield>
  <datafield tag="650" ind1=" " ind2="7">
    <subfield code="a">Gobierno corporativo</subfield>
    <subfield code="2">lemb</subfield>
    <subfield code="9">113356</subfield>
  </datafield>
  <datafield tag="650" ind1=" " ind2="7">
    <subfield code="a">Corrupci&#xF3;n</subfield>
    <subfield code="2">lemb</subfield>
    <subfield code="9">66383</subfield>
  </datafield>
  <datafield tag="650" ind1=" " ind2="7">
    <subfield code="a">Responsabilidad social</subfield>
    <subfield code="2"></subfield>
    <subfield code="9">18317</subfield>
  </datafield>
  <datafield tag="650" ind1=" " ind2=" ">
    <subfield code="a">Enron (Empresa comercial)</subfield>
    <subfield code="9">105582</subfield>
  </datafield>
  <datafield tag="650" ind1=" " ind2="7">
    <subfield code="a">&#xC9;tica de los negocios</subfield>
    <subfield code="2">lemb</subfield>
    <subfield code="9">11091</subfield>
  </datafield>
  <datafield tag="773" ind1="0" ind2=" ">
    <subfield code="t">Cuadernos de Estudios Empresariales (Espa&#xF1;a)</subfield>
    <subfield code="g">Vol. 13, 2003, p. 215-287</subfield>
    <subfield code="w">847306</subfield>
    <subfield code="x">1131-6985</subfield>
    <subfield code="0">296290</subfield>
  </datafield>
  <datafield tag="942" ind1=" " ind2=" ">
    <subfield code="c">ARIMP</subfield>
  </datafield>
  <datafield tag="999" ind1=" " ind2=" ">
    <subfield code="c">337254</subfield>
    <subfield code="d">337254</subfield>
  </datafield>
</record>
